Harry Potter - F - Statistiques

Statistiques générales
  • Ce quiz a été pris 139 fois
    93 depuis la dernière actualisation
  • Le résultat moyen est 10 sur 15
Statistiques - réponses
Définition Nom % Correct
Championne deBeauxbâton Fleur Delacour
99%
Frère de Georges Fred weasley
96%
Professeur de sortillège Filius flitwick
89%
Personne pouvant parler auxSerpents Fourchelang
87%
Phénix de Dumbledore Fumseck
87%
Potion de chance Félix felicis
80%
Centaure devenu professeur deDivination dans le 5 Firenze
79%
Loup Garou ayantMordu Bill Fenrir Greyback
73%
Père de Neville Frank Londubat
72%
Magasin de livre Fleury & Bott
60%
"... est une plante magique qui adoreL'obscurité et l'humidité " Filet du diable
53%
Personne ayant voulu rester surTerre après sa mort Fantôme
52%
Feu magique prenantLa forme de bêtes féroces Feudeymon
36%
Jardinier des Jedusor Frank Brice
20%
Actrice d'Olympe Maxime France de la Tour
12%
Aucun quiz correspondant
Distribution des résultats
% des personnes avec chaque résultat
Percentile par nombre de réponses
Votre historique - résultats
Vous n’avez pas pris ce quiz depuis la dernière actualisation